• 首页
  • 本馆介绍
  • 公告通知
  • 最新文献
  • 馆藏检索
  • 电子资源
  • 读者导购
  • 参考咨询
  • 我的图书馆
  • 登录
  • 详细信息显示
  • 放入我的书架
  • 预约/预借图书
  • 作者相关作品
  • 分类相关作品
  • 丛书相关作品
  • 出版社相关作品

书目信息

  • 表格格式
  • 工作单格式
  • 卡片格式
题名:
暗物质与恐龙
    
 
作者: 兰道尔 著 ;苟利军 , 李楠 , 尔欣中 译
分册:  
出版信息: 杭州   浙江人民出版社  2016
页数: xiii, 390页
开本: 23cm
丛书名:
单 册:
中图分类: P145.9
科图分类:
主题词: 暗物质--an wu zhi--普及读物
电子资源:
ISBN: 978-7-213-07726-5
000 01679nam0 2200325 450
001 012017000049
005 20180111090400.53
010    @a978-7-213-07726-5@b@dCNY89.90
100    @a20170110d2016 em y0chiy0121 ea
101 1  @achi@ceng
102    @aCN@b330000
105    @aa z 000yy
106    @ar
200 1  @a暗物质与恐龙@Aan wu zhi yu kong long@e宇宙万物的互联@f(美) 丽莎·兰道尔著@d= Dark matter and the dinosaurs@einterconnectedness of the universe@fLisa Randall@g苟利军, 李楠, 尔欣中等译@zeng
210    @a杭州@c浙江人民出版社@d2016
215    @axiii, 390页@c图@d23cm
306    @a本书中文简体字版由作者授权在中华人民共和国境内独家出版发行
314    @a丽莎·兰道尔, 国际理论物理学权威, 粒子物理学、弦理论宇宙学专家。
330    @a6600万年前, 一个直径达10公里的物体从宇宙而来, 撞击到了地球上, 造成了一次毁灭性的灾难, 这次灾难造成了“地球霸主”恐龙以及其他75%的物种的灭绝。那么, 是什么导致了这个“天外来客”脱轨而出? 如果最终证实是暗物质导致了恐龙的灭绝, 你是否相信这一说法? 是什么样的证据让很多物理学家和宇宙学家认可这一理论猜想的? 暗物质究竟是什么? 暗物质对宇宙结构的最终形成有着怎样不可或缺的作用? 宇宙万物如何巧妙地彼此联系, 从而改变了宇宙的进化与发展? 《暗物质与恐龙》将给出你答案!
510 1  @aDark matter and the dinosaurs@einterconnectedness of the universe@zeng
517 1  @a宇宙万物的互联@Ayu zhou wan wu de hu lian
606 0  @a暗物质@Aan wu zhi@j普及读物
690    @aP145.9@v5
701  1 @a兰道尔@Alan dao er@g(Randall, Lisa)@4著
702  0 @a苟利军@Agou li jun@4译
702  0 @a李楠@Ali nan@4译
702  0 @a尔欣中@Aer xin zhong@4译
801  0 @aCN@b湖北三新@c20170315@g
905    @aBZT@dP145.9@e1
906    @dCNY89.90@n5@r1
    
    暗物质与恐龙:宇宙万物的互联/(美) 丽莎·兰道尔著= Dark matter and the dinosaurs:interconnectedness of the universe/Lisa Randall/苟利军, 李楠, 尔欣中等译.-杭州:浙江人民出版社,2016
    xiii, 390页:图;23cm
    
    
    ISBN 978-7-213-07726-5:CNY89.90
    6600万年前, 一个直径达10公里的物体从宇宙而来, 撞击到了地球上, 造成了一次毁灭性的灾难, 这次灾难造成了“地球霸主”恐龙以及其他75%的物种的灭绝。那么, 是什么导致了这个“天外来客”脱轨而出? 如果最终证实是暗物质导致了恐龙的灭绝, 你是否相信这一说法? 是什么样的证据让很多物理学家和宇宙学家认可这一理论猜想的? 暗物质究竟是什么? 暗物质对宇宙结构的最终形成有着怎样不可或缺的作用? 宇宙万物如何巧妙地彼此联系, 从而改变了宇宙的进化与发展? 《暗物质与恐龙》将给出你答案!
●
相关链接 在五车中查询图书 在当当中查询图书 在豆瓣中查询图书


正题名:暗物质与恐龙     索取号:P145.9/1         预约/预借

序号 登录号 条形码 馆藏地/架位号 状态 备注
1 846090   2000846090   第二书库/ [索取号:P145.9/1] 在馆    
2 846091   2000846091   第二书库/ [索取号:P145.9/1] 在馆    
3 846092   2000846092   第二书库/ [索取号:P145.9/1] 在馆    
山东省滨州职业学院图书馆 欢迎您!
大连网信软件有限公司© 版权所有